| 000 | 00858nam a2200265Ia 4500 | ||
|---|---|---|---|
| 003 | OSt | ||
| 005 | 20220925230805.0 | ||
| 006 | a|||||r|||| 00| 0 | ||
| 007 | ta | ||
| 008 | 220923b |||||||| |||| 00| 0 eng d | ||
| 020 |
_a9781412987745 _c3035.9000000000001 |
||
| 037 |
_b187/2011-12, 28/03/2012, PIONEER BOOK DISTRIBUTORS _cGeneral Book |
||
| 040 |
_aRTL _cRTL _beng |
||
| 041 |
_2eng _aeng |
||
| 082 | _aX:8, Q2 | ||
| 100 |
_aAnderson Donald L _9130176 |
||
| 245 | 0 |
_aOrganizational development _b The process of leading organizational change |
|
| 250 | _a2 | ||
| 260 |
_aLos _bAngeles Sage _c2012 |
||
| 300 |
_aix, 379p _ccm. |
||
| 500 | _aBibliography chapterwise | ||
| 650 | _aCommerce | ||
| 942 |
_hX:8, Q2 _cGB _2CC |
||
| 999 |
_c586613 _d586613 |
||